The art of public speaking /
Сохранить в:
| Главный автор: | |
|---|---|
| Формат: | |
| Язык: | English |
| Опубликовано: |
Boston :
McGraw-Hill,
2004.
|
| Редактирование: | 8th ed. |
| Предметы: | |
| Online-ссылка: | Publisher description Table of contents only |
| Метки: |
Добавить метку
Нет меток, Требуется 1-ая метка записи!
|
| Thư viện lưu trữ: | Mạng thư viện Đại học Đà Nẵng |
|---|
| LEADER | 01347cam a22003731a 4500 | ||
|---|---|---|---|
| 001 | 000035727 | ||
| 003 | 12018 | ||
| 005 | 20221026164447.0 | ||
| 008 | 160318s2004 xxu 000 eng | ||
| 020 | |a 007256296X (acid-free paper) | ||
| 040 | |a lnn |c lnn |d lnn | ||
| 041 | 0 | |a eng | |
| 082 | 0 | 0 | |a 808.51 |b LU-S |
| 100 | 1 | |a Lucas, Stephen, |d 1946- | |
| 245 | 1 | 4 | |a The art of public speaking / |c Stephen E. Lucas. |
| 250 | |a 8th ed. | ||
| 260 | |a Boston : |b McGraw-Hill, |c 2004. | ||
| 300 | |a 1 v. (various pagings) ; |c 26 cm. | ||
| 504 | |a Includes bibliographical references and index. | ||
| 630 | 0 | 4 | |a English language. |
| 650 | 0 | |a Public speaking. | |
| 856 | 4 | 2 | |3 Publisher description |u http://www.loc.gov/catdir/enhancements/fy0668/2003104880-d.html |
| 856 | 4 | 1 | |3 Table of contents only |u http://www.loc.gov/catdir/enhancements/fy0668/2003104880-t.html |
| OWN | |a LNN | ||
| AVA | |a UDN50 |b LNN |c English |d 808.51 LU-S |e available |t Error 5001 Not defined in file expand_doc_bib_avail. |f 2 |g 0 |h N |i 0 |j AN | ||
| 999 | |a From the UDN01 | ||
| AVA | |a UDN50 |b LNN |c English |d 808.51 LU-S |e available |t Error 5001 Not defined in file expand_doc_bib_avail. |f 2 |g 0 |h N |i 0 |j AN | ||
| TYP | |a Monograph | ||
| TYP | |a Printed language | ||
| TYP | |a ON | ||
| 980 | |a Mạng thư viện Đại học Đà Nẵng | ||


